| 000 | 00679nam a2200181 a 4500 | ||
|---|---|---|---|
| 005 | 20230526063601.0 | ||
| 008 | 991125s1974 mx 000 0 spa u | ||
| 035 | _aUPN01000005100 | ||
| 049 | _aCG | ||
| 050 | 4 |
_aLE7 M599 _bA9.8 |
|
| 245 | 0 | 3 |
_aLa autonomía universitaria : _bantología / _cestudio prelim. y selec. de textos Jorge Pinto Mazal. |
| 260 |
_aMéxico : _bUNAM, Comisión Técnica de Legislación Universitaria, _c1974. |
||
| 300 | _a291 p. | ||
| 610 | 2 | 4 |
_aUniversidad Nacional Autónoma de México _xAdministración _919893 |
| 610 | 2 | 4 |
_aUNIVERSIDAD NACIONAL AUTONOMA DE MEXICO - _xLEYES Y REGLAMENTOS _927766 |
| 700 | 1 |
_aPinto Mazal, Jorge, _ecomp. |
|
| 905 | _aLibro | ||
| 999 |
_c5100 _d5100 |
||